000 00650nmm a2200205Ia 4500
008 251105s9999||||xx |||||||||||||||||und||
020 _a9789681675677
041 _aspa
100 _aParedes López, Octavio
245 0 _aLos alimentos mágicos de las culturas indígenas mesoamericanas
264 _a[México D.C., Mexico] :
_bFondo de Cultura Económica,
_c2013
300 _a197 páginas
490 _aLa Ciencia para Todos
650 _aCooking
700 _aParedes López, Octavio
700 1 _a Guevara Lara, Fidel
700 1 _a Bello Pérez, Luis Arturo
856 _uhttps://public.digitaliapublishing.com/a/43336
942 _cCF
999 _c69756
_d69756